000 00543nam a22001697a 4500
005 20240118071154.0
008 231130b |||||||| |||| 00| 0 eng d
020 _a409003301 ; 409003328
041 _aEnglish
082 _a349 JOU
100 _aJoubert, WA
_lEnglish
245 _aThe Law of South Africa : Accountants to Banking /
_cWA Joubert
260 _aDurban :
_bButterworth and Company (Pty) Ltd,
_c1976
300 _bxiv, 651 pages ;
_c26 cm.
650 _aLegal practice
_bLaw
942 _cBK
_6ALISON_BN_VRIES
999 _c1089
_d1089